| 000 | 00357 a2200133 4500 | ||
|---|---|---|---|
| 999 |
_c12916 _d12916 |
||
| 005 | 20240730171656.0 | ||
| 008 | 240730b ||||| |||| 00| 0 eng d | ||
| 020 | _a9781621536024 | ||
| 082 | _a 741.6 | ||
| 100 | _a Alex W. White | ||
| 245 | _aThe Elements of Logo Design: Design Thinking, Branding, Making Marks | ||
| 260 |
_bAllworth _c2017 |
||
| 942 | _2ddc | ||